00640nam a22002175i 450000100060000000300090000600500170001500800410003202000180007304000220009108000240011310000260013724500570016326000390022030000400025949000230029960000220032270000220034483000230036685200330038912337ES-MaACL20230906150306.0930727s1993 sp ||||0| spa j a84-88186-07-X aM-BN bspa cM-BN a75 Oyonarte, Manuel1 aSáez-Angulo, Julia.10aManuel Oyonarte b: pinturas / cJulia Sèz-Angulo. aMadrid : bMRD Grupo, cD.L. 1993. a59 p : bil. col. y n ; c23x23 cm.1 aFormas plásticas14aOyonarte, Manuel.1 aOyonarte, Manuel.0 aFormas plásticas aES-MaACLjL-19577 bR.122753